000 00317nam a22001337a 4500
008 171024b xxu||||| |||| 00| 0 eng d
020 _a9781557982735
041 _aeng
080 _a311
100 _a55
101 _aSTA
245 _aREADING UNDERSTANDING MULTIVARIATE STATISTICS
_cGRIMM.L..G
942 _2udc
_cBK
999 _c35694
_d35694